Axiomatic projective geometry

Kaydedildi:
Detaylı Bibliyografya
Yazar: Heyting, A (Yazar)
Materyal Türü: Kitap
Dil:İngilizce
Baskı/Yayın Bilgisi: Amsterdam North-Holland 1980
Edisyon:2a. ed
Seri Bilgileri:Bibliotheca Mathematica, 5
Konular:
Etiketler: Etiketle
Etiket eklenmemiş, İlk siz ekleyin!

MARC

LEADER 00000nam a2200000 a 4500
001 UCP0789
003 CL-VaPUC
008 990319e19800000NE |||||||||||||||||eng|d
082 0 4 |a 516.5  |b HEY  |2 21 
100 0 |a Heyting, A  |e author  |9 426331 
245 1 0 |a Axiomatic projective geometry 
250 |a 2a. ed 
300 |a 150 p 
942 |c BK 
945 |d 19990319 00:00:00  |a crobeson 
260 |a Amsterdam  |b North-Holland  |c 1980 
650 0 |a Geometría proyectiva   |9 262638 
650 0 |a Geometría axiomática  |9 423958 
650 7 |a PLANOS PROYECTIVOS  |2 CL-VaPUC  |9 426033 
650 7 |a COORDENADAS  |2 CL-VaPUC  |9 380225 
650 7 |a COLINEACIONES  |2 CL-VaPUC  |9 426332 
583 |a last modification  |c 19990319 00:00:00  |k Rodrigo Vera 
490 0 |a Bibliotheca Mathematica, 5 
999 |c 279534  |d 279532 
952 |0 0  |1 0  |4 0  |6 516_500000000000000_HEY_1980  |7 0  |8 A  |9 319097  |a BIBMAT  |b BIBMAT  |d 2019-11-20  |i 1330454  |o 516.5 HEY 1980  |p 1330454  |r 2025-01-07  |w 2019-11-20  |y BK  |k MAT